PRAYER IN THE RELIGIOUS TRADITIONS OF AFRICA (Record no. 7338)
[ view plain ]
| 000 -LEADER | |
|---|---|
| fixed length control field | 00408nam a22001457a 4500 |
| 005 - DATE AND TIME OF LATEST TRANSACTION | |
| control field | 20250822140009.0 |
| 008 - FIXED-LENGTH DATA ELEMENTS--GENERAL INFORMATION | |
| fixed length control field | 250822b |||||||| |||| 00| 0 eng d |
| 020 ## - INTERNATIONAL STANDARD BOOK NUMBER | |
| International Standard Book Number | 0195198484 |
| 050 ## - LIBRARY OF CONGRESS CALL NUMBER | |
| Classification number | BL 2400 |
| Item number | .S43 |
| 100 ## - MAIN ENTRY--PERSONAL NAME | |
| Personal name | SHORTER, AYLWARD |
| 245 ## - TITLE STATEMENT | |
| Title | PRAYER IN THE RELIGIOUS TRADITIONS OF AFRICA |
| Statement of responsibility, etc. | AYLWARD SHORTER |
| 260 ## - PUBLICATION, DISTRIBUTION, ETC. | |
| Place of publication, distribution, etc. | LONDON |
| Name of publisher, distributor, etc. | OXFORD UNIVERSITY PRESS |
| Date of publication, distribution, etc. | c1975 |
| 300 ## - PHYSICAL DESCRIPTION | |
| Extent | 145p.; |
| 942 ## - ADDED ENTRY ELEMENTS (KOHA) | |
| Source of classification or shelving scheme | Library of Congress Classification |
| Koha item type | Books |
| Suppress in OPAC | No |
| 999 ## - | |
| -- | 7338 |
| -- | 7338 |
| Withdrawn status | Lost status | Source of classification or shelving scheme | Damaged status | Not for loan | Collection | Home library | Current library | Shelving location | Date acquired | Total checkouts | Full call number | Barcode | Date last seen | Copy number | Price effective from | Koha item type |
|---|---|---|---|---|---|---|---|---|---|---|---|---|---|---|---|---|
| Library of Congress Classification | Non-fiction | Undergraduate Library (Christ Temple) | Undergraduate Library (Christ Temple) | General stacks | 08/22/2025 | BL 2400.S43 SHO | ulct00004426 | 08/22/2025 | 1 | 08/22/2025 | Books |